La culpabilidad de la empresaen el nuevo régimen penal tributario (Registro nro. 25005)

Detalles MARC
000 -LEADER
fixed length control field 00369 a2200109 4500
001 - CONTROL NUMBER
control field ART_17124
005 - DATE AND TIME OF LATEST TRANSACTION
control field 20260410161851.0
008 - FIXED-LENGTH DATA ELEMENTS--GENERAL INFORMATION
fixed length control field 260409a
100 1# - MAIN ENTRY--PERSONAL NAME
Personal name Borinsky, Mariano H.
245 10 - TITLE STATEMENT
Title La culpabilidad de la empresaen el nuevo régimen penal tributario
773 0# - HOST ITEM ENTRY
Title Derecho Penal
Related parts Delitos económicos - Año II, Nº 4 (abr. 2013)
Record control number REV10351

No hay ítems disponibles.